000 00395nam a2200157Ia 4500
008 210210b1985 xxu||||| |||| 00| 0 eng d
082 _a547 SONT
100 _aSONI (P L).
245 _aText book of organic chemistry.Ed 18.
250 _a
260 _aN D
_bSultan Chand & Sons
_c1985
300 _axvi,3.346
650 _aOrganic Chemistry
690 _aOrganic Chemistry
906 _a038148
999 _c88381
_d88381